Succedding with Standards : Linking Curriculum, Assessment, and Action Planning /

Obra práctica para la incorporación de los estándares nacionales, estatales y regionales en una institución educativa, aprovechando lo mejor del sistema educativo local. Se basa en la experiencia de los autores en la implementación de la normatividad en escuelas de todo Estados Unidos, centrada, par...

Full description

Saved in:
Bibliographic Details
Main Author: Carr, Judy F. (autor)
Other Authors: Harris, Douglas E. (autor) (autor)
Format: Book
Language:English
Published: Alexandria, EUA : Association for Supervision and Curriculum Development, 2001, c2001
Subjects:
Tags: Add Tag
No Tags, Be the first to tag this record!

MARC

LEADER 00000nam^a2200000^a^4500
001 000267348
005 20250620000000.0
009 20260310110820.62
020 |a 0-87120-509-2 
025 |a Donación Anita Nielsen, 1 ejemplar 
037 |a Acervo ITESO - Biblioteca 
041 |a ING 
082 |a 371. 2070973  |b CAR 
100 |a Carr, Judy F.  |e (autor) 
245 1 0 |a Succedding with Standards :  |b Linking Curriculum, Assessment, and Action Planning /  |c J.F. Carr, D.E. Harris. 
264 4 |a Alexandria, EUA :  |b Association for Supervision and Curriculum Development,  |c 2001, c2001 
300 |a 200 p. 
336 |a texto  |b txt  |2 rdacontenido 
337 |a sin mediación  |b n  |2 rdamedio 
338 |a volumen  |b nc  |2 rdasoporte 
520 |a Obra práctica para la incorporación de los estándares nacionales, estatales y regionales en una institución educativa, aprovechando lo mejor del sistema educativo local. Se basa en la experiencia de los autores en la implementación de la normatividad en escuelas de todo Estados Unidos, centrada, particularmente, en la mejora del desempeño académico de los alumnos. 
649 |a XX 
650 |a Calidad de la Educación -  |z EUA -  |x Tema Principal 
650 |a Calidad Total -  |z EUA 
650 |a Diseño y Revisión Curricular -  |z EUA 
650 |a Currículo -  |z EUA 
650 |a Certificación Educativa -  |z EUA -  |x Tema Principal 
650 |a Planeación Educativa -  |z EUA 
650 |a Política Educativa -  |z EUA 
650 |a Administración Educativa -  |z EUA 
650 |a Educación -  |z EUA 
700 |a Harris, Douglas E.  |e (autor) 
910 |a Fondo General 
920 |a Impresos - Libros 
930 |a Colección General 
905 |a 101 
901 |a 0500150906  |b IT1  |c ACC  |d DT  |i D  |u 20250620 
902 |a https://opac.biblio.iteso.mx/vufind/Record/000267348